Det obegripliga våldet: forskare om ungdomar och våld

Saved in:  
Bibliographic Details
Format: Print Book
Language:Swedish
Published: Stockholm 1995
In: Källa (46)
Year: 1995
Availability in Tübingen:Present in Tübingen.
UB: KB 8 E 6291
Check availability: HBZ Gateway
Subito Delivery Service: Order now.

MARC

LEADER 00000cam a2200000 c 4500
001 1124671145
003 DE-627
005 20220516145109.0
007 tu
008 961004s1995 xx ||||| 00| ||swe c
020 |a 918617486X  |9 91-86174-86-X 
035 |a (DE-627)1124671145 
035 |a (DE-576)054671140 
035 |a (DE-599)BSZ054671140 
035 |a (OCoLC)185920334 
040 |a DE-627  |b ger  |c DE-627  |e rakwb 
041 |a swe 
245 0 4 |a Det obegripliga våldet  |b forskare om ungdomar och våld 
264 1 |a Stockholm  |c 1995 
300 |a 144 S.  |b Ill. 
336 |a Text  |b txt  |2 rdacontent 
337 |a ohne Hilfsmittel zu benutzen  |b n  |2 rdamedia 
338 |a Band  |b nc  |2 rdacarrier 
490 1 |a Källa / Forskningsrådsnämnden  |v 46 
583 1 |a Archivierung prüfen  |c 20200919  |f DE-640  |z 1  |2 pdager 
830 0 |a Källa  |v 46  |9 46  |w (DE-627)166488386X  |w (DE-576)054671035  |w (DE-600)2971426-6  |x 0349-0556  |7 am 
951 |a BO 
ELC |b 1 
LOK |0 000 xxxxxcx a22 zn 4500 
LOK |0 001 2290466085 
LOK |0 003 DE-627 
LOK |0 004 1124671145 
LOK |0 005 19961115000000 
LOK |0 008 961004||||||||||||||||ger||||||| 
LOK |0 040   |a DE-21  |c DE-627  |d DE-21 
LOK |0 852   |a DE-21 
LOK |0 852 1  |c KB 8 E 6291  |9 00 
LOK |0 935   |a krim 
LOK |0 936ln  |a k10.10.6 
LOK |0 939   |a 04-10-96  |b l01 
ORI |a SA-MARC-krimdoka001.raw 
SIG |a UB: KB 8 E 6291